| 000 | 00510nam a22001457a 4500 | ||
|---|---|---|---|
| 003 | SGT | ||
| 082 |
_a617.645 _bC23J |
||
| 100 | _aJyotsana | ||
| 245 |
_aClinical Evaluation of the Maximum Bite force in single implant supported prosthesis versus natural dentition _bA Split mouth study |
||
| 260 |
_aGurugram, Haryana _bSGT University _c2023 |
||
| 300 | _a61 | ||
| 650 | _aProsthodontics, Crown & Bridge and Oral Implantology | ||
| 653 | _aProsthodontics, Crown & Bridge and Oral Implantology | ||
| 942 |
_2ddc _cTH |
||
| 999 |
_c23740 _d23740 |
||